Congressional government : (Record no. 4275)
[ view plain ]
| 000 -LEADER | |
|---|---|
| fixed length control field | 00952cam a2200289 a 4500 |
| 001 - CONTROL NUMBER | |
| control field | 4275 |
| 003 - CONTROL NUMBER IDENTIFIER | |
| rucl marc code | BD-RjUL |
| 005 - DATE AND TIME OF LATEST TRANSACTION | |
| control field | 20211208233850.0 |
| 008 - FIXED-LENGTH DATA ELEMENTS--GENERAL INFORMATION | |
| fixed length control field | 131222r19561885nyu 000 0 eng d |
| 035 ## - SYSTEM CONTROL NUMBER | |
| System control number | (BD-RjUL)4310 |
| -- | OCLC ocm00267982 from D970626M |
| 040 ## - CATALOGING SOURCE | |
| Original cataloging agency | DLC |
| Transcribing agency | YNG |
| Modifying agency | IXA |
| -- | UKM |
| -- | WEA |
| -- | EQO |
| -- | BD-RjUL |
| Language of cataloging | eng |
| 041 ## - LANGUAGE CODE | |
| Language code of text/sound track or separate title | eng |
| 082 04 - DEWEY DECIMAL CLASSIFICATION NUMBER | |
| Classification number | 328.73 |
| Edition number | 18 |
| Author mark and year | WIC 1956 |
| 100 1# - MAIN ENTRY--PERSONAL NAME | |
| Personal name | Wilson, Woodrow, |
| Dates associated with a name | 1856-1924. |
| 9 (RLIN) | 13538 |
| 245 10 - TITLE STATEMENT | |
| Title | Congressional government : |
| Remainder of title | a study in American politics / |
| Statement of responsibility, etc. | by Woodrow Wilson ; introduction by Walter Lippmann. |
| 260 ## - PUBLICATION, DISTRIBUTION, ETC. (IMPRINT) | |
| Place of publication, distribution, etc. | New York : |
| Name of publisher, distributor, etc. | Meridian Books, |
| Date of publication, distribution, etc. | 1956. |
| 300 ## - PHYSICAL DESCRIPTION | |
| Pagination | 222 p. ; |
| Size | 18 cm. |
| 490 1# - SERIES STATEMENT | |
| Series statement | Meridian books ; |
| Volume/sequential designation | M27 |
| 500 ## - GENERAL NOTE | |
| General note | Originally published 1885. |
| 610 10 - SUBJECT ADDED ENTRY--CORPORATE NAME | |
| Corporate name or jurisdiction name as entry element | United States. |
| Subordinate unit | Congress. |
| 651 #0 - SUBJECT ADDED ENTRY--GEOGRAPHIC NAME | |
| Geographic name | United States |
| General subdivision | Politics and government. |
| 9 (RLIN) | 13540 |
| 830 #0 - SERIES ADDED ENTRY--UNIFORM TITLE | |
| Volume number/sequential designation | M27 |
| Uniform title | Meridian books ; |
| 942 ## - ADDED ENTRY ELEMENTS (KOHA) | |
| Source of classification or shelving scheme | Dewey Decimal Classification |
| Koha item type | Books |
| Lost status | Source of classification or shelving scheme | Damaged status | Not for loan | Collection code | Permanent Location | Current Location | Shelving location | Date acquired | Source of acquisition | Total Checkouts | Full call number | Date last seen | Copy number | Koha item type | Cost, normal purchase price |
|---|---|---|---|---|---|---|---|---|---|---|---|---|---|---|---|
| Dewey Decimal Classification | Non-fiction | Central Library, University of Rajshahi | Central Library, University of Rajshahi | 19/03/1959 | World Production N. Y. | 328.73 WIC 1956 | 22/12/2013 | C-2 | Books | ||||||
| Dewey Decimal Classification | Non-fiction | Central Library, University of Rajshahi | Central Library, University of Rajshahi | 19/03/1959 | World University Science | 328.73 WIC 1956 | 02/08/2016 | C-3 | Books | ||||||
| Dewey Decimal Classification | Non-fiction | Central Library, University of Rajshahi | Central Library, University of Rajshahi | 29/03/1967 | Pak-American Councile | 328.73 WIC 1958 | 02/08/2016 | C-4 | Books | 6.75 |